000 01132cam a22003737a 4500
001 3973
003 FISKH
005 20240528155951.0
008 080610s2008 nyua b 001 0 eng
010 _a 2008299344
020 _a9780756637484 (hbk.)
020 _a9780756637491
020 _a0756637481
035 _a(OCoLC)ocn229475826
040 _aQ2Z
_cQ2Z
_dDLC
_beng
042 _alccopycat
050 0 0 _aQL666.O6
_bL749 2008
082 0 4 _a597.96
_222
100 1 _aLock, Fiona.
245 1 0 _aSnakes slither and hiss /
_c[written by Fiona Lock].
260 _aNew York :
_bDK Publishing,
_c2008.
300 _a32 pages :
_bcolor illustrations ;
_c23 cm
490 1 _aDK readers. Pre-Level 1, Learning to read
500 _aIncludes index.
505 _aJ
520 _aIntroduces readers to a number of different species of snakes, their appearances, and behavior patterns.
521 8 _a500
_bLexile
521 8 _aJ
_bRaz-Plus
650 0 _aSnakes
_vJuvenile literature.
650 1 _aSnakes.
906 _a7
_bcbc
_ccopycat
_d2
_encip
_f20
_gy-gencatlg
942 _2ddc
_cBK
_n0
999 _c3973
_d3973